000 00497nam a2200205Ia 4500
003 OSt
005 20140312132909.0
008 140130s9999 xx 000 0 und d
020 _a0439388503
050 _aPZ 7
_b.M927An 2002
100 _aMunsch, Robert
245 _aAndrew's loose tooth /
_cRobert Munsch.
260 _bScholastic,
_c2002.
_aNew York :
300 _a20 p. :
_bcol. ill. ;
_c18 cm.
440 _v1
521 _aG3
526 _c570
942 _cBK
_2lcc
999 _c40666
_d40666